ბათუმის შოთა რუსთაველის სახელმწიფო უნივერსიტეტის ბიბლიოთეკა

История Франции : (ბიბ.ჩანაწერი № 34992)

000 -ლიდერი
ფიქსირებული სიგრძის საკონტროლო ველი 00906nam a2200253Ia 4500
001 - საკონტროლო ნომერი
საკონტროლო ველი 828
003 - საკონტროლო ნომრის იდენტიფიკატორი
საკონტროლო ველი GE_BSU
005 - ბოლო ოპერაციის თარიღი და დრო
საკონტროლო ველი 20220922103401.0
008 - ფიქსირებული სიგრძის მონაცემთა ელემენტები - ზოგადი ინფორმაცია
ფიქსირებული სიგრძის საკონტროლო ველი 181216s2005||||rus|||||||||||||| ||ru ||
020 ## - წიგნის საერთაშორისო სტანდარტული ნომერი
International Standard Book Number 5710762296
040 ## - კატალოგიზაციის წყარო
Transcribing agency GE_BSU
080 ## - უნივერსალური ათობითი კლასიფიკაციის ინდექსი
Universal Decimal Classification number 94(44)(075.8) А-80
100 ## - მთავარი ჩანაწერი - პიროვნების სახელი
Personal name Арзаканян, М. Ц.;
9 (RLIN) 14681
245 ## - ცნობა სათაურის შესახებ
Title История Франции :
Remainder of title Учебник для вузов /
Statement of responsibility, etc М. Ц. Арзаканян, А. В. Ревякин, П. Ю. Уваров.
264 ## - წარმოების, გამოცემის, დისტრიბუციის და სხვა ცნობები
გამოცემის, წარმოების, დისტრიბუციის... ადგილი Москва :
გამოცემის, წარმოების, დისტრიბუციის... სახელწოდება Дрофа,
გამოცემის, წარმოების, დისტრიბუციის... თარიღი 2005.
300 ## - ფიზიკური აღწერა
Extent 474 стр.
653 ## - INDEX TERM--UNCONTROLLED
Uncontrolled term История
653 ## - INDEX TERM--UNCONTROLLED
Uncontrolled term История Франции
653 ## - INDEX TERM--UNCONTROLLED
Uncontrolled term ისტორია
700 ## - ADDED ENTRY--PERSONAL NAME
Personal name Ревякин, А. В.
Relator term ავტორი
9 (RLIN) 14682
700 ## - ADDED ENTRY--PERSONAL NAME
Personal name Уваров, П. Ю.
Relator term ავტორი
9 (RLIN) 14683
856 ## - ELECTRONIC LOCATION AND ACCESS
Uniform Resource Identifier https://vk.com/doc35528094_446744631
Link text ელ. ვერსია pdf
942 ## - ADDED ENTRY ELEMENTS (KOHA)
Koha item type წიგნი
Source of classification or shelving scheme
ეგზემპლარები
ჩამოწერის სტატუსი დაკარგული ეგზემპლარის სტატუსი კლასიფიკაციის წყარო ან თაროზე გაწყობის სქემა დაზიანების სტატუსი არ გაიცემა მუდმივი მდებარეობა (დაცვის ადგილი) ამჟამინდელი ადგილსამყოფელი შეძენის თარიღი ღირებულება, შესყიდვის ნორმალური ფასი სრული შენახვის შიფრი შტრიხკოდი ბოლო ოპერაციის თარიღი ეგზემპლარის მიმდევრობითი ნომერი (კეტერი?) ფასის ძალაში შესვლის თარიღი ეგზემპლარის სახეობა საჯარო შენიშვნა
          ბათუმის შოთა რუსთაველის სახელმწიფო უნივერსიტეტის მთავარი ბიბლიოთეკა ბათუმის შოთა რუსთაველის სახელმწიფო უნივერსიტეტის მთავარი ბიბლიოთეკა 2018-12-17 15.00 94(44)(075.8) А-80 1293 2018-12-17 1293 2018-12-17 წიგნი 15 ლ.